|
|
|
|
| LEADER |
01829nam a2200445 a 4500 |
| 001 |
EBC235070 |
| 003 |
MiAaPQ |
| 005 |
20200520144314.0 |
| 006 |
m o d | |
| 007 |
cr cn||||||||| |
| 008 |
960805s1997 enk sb 101 0 eng d |
| 010 |
|
|
|z 96033564
|
| 020 |
|
|
|z 0415149304 (v. 1)
|
| 020 |
|
|
|z 0203981707 (Master e-book)
|
| 020 |
|
|
|z 9780415149303
|
| 020 |
|
|
|z 9780203981702
|
| 035 |
|
|
|a (MiAaPQ)EBC235070
|
| 035 |
|
|
|a (Au-PeEL)EBL235070
|
| 035 |
|
|
|a (CaPaEBR)ebr10100149
|
| 035 |
|
|
|a (CaONFJC)MIL14230
|
| 035 |
|
|
|a (OCoLC)936903585
|
| 040 |
|
|
|a MiAaPQ
|c MiAaPQ
|d MiAaPQ
|
| 050 |
|
4 |
|a HB77
|b .A63 1997
|
| 082 |
0 |
4 |
|a 330/.09
|2 20
|
| 245 |
0 |
0 |
|a Ancient economic thought.
|n Vol. 1
|h [electronic resource] /
|c edited by B.B. Price.
|
| 260 |
|
|
|a London ;
|a New York :
|b Routledge,
|c 1997.
|
| 300 |
|
|
|a vii, 267 p.
|
| 490 |
1 |
|
|a Routledge studies in the history of economics ;
|v 13
|
| 490 |
0 |
|
|a Ancient economic thought
|
| 500 |
|
|
|a "Many of the chapters ... issued for a conference at Massachusetts Institute of Technology in 1994"--Introd.
|
| 504 |
|
|
|a Includes bibliographical references and index.
|
| 505 |
0 |
|
|a pt. 1. Indian economic thought -- pt. 2. Hebraic economic thought -- pt. 3. Greek economic thought -- pt. 4. Roman economic thought.
|
| 533 |
|
|
|a Electronic reproduction. Ann Arbor, MI : ProQuest, 2015. Available via World Wide Web. Access may be limited to ProQuest affiliated libraries.
|
| 650 |
|
0 |
|a Economics
|x History
|v Cross-cultural studies.
|
| 650 |
|
0 |
|a Economic history
|y To 500.
|
| 655 |
|
4 |
|a Electronic books.
|
| 700 |
1 |
|
|a Price, B. B.
|q (Betsey Barker),
|d 1951-
|
| 710 |
2 |
|
|a ProQuest (Firm)
|
| 830 |
|
0 |
|a Routledge studies in the history of economics ;
|v 13.
|
| 856 |
4 |
0 |
|u https://ebookcentral.proquest.com/lib/matrademy/detail.action?docID=235070
|z Click to View
|